| 000 | 00342nam a2200145 a 4500 | ||
|---|---|---|---|
| 008 | 981026s1966||||xx 0 und c | ||
| 040 |
_aSNK _bslo _cSNK _eAACR2 |
||
| 100 | 1 | _aLenz, Siegfried | |
| 245 | 1 | 0 | _aO čom hovorí mesto |
| 260 |
_aBatislava _bTatran _c1966 |
||
| 300 | _a238 s. | ||
| 044 |
_axo _cSK |
||
| 041 | _aslo | ||
| 020 | _c13,50 | ||
| 999 |
_c11998 _d11998 |
||